University Home | Library Home | Institutional Repository

Present knowledge in nutrition/ (Record no. 33967)

MARC details
000 -LEADER
fixed length control field 00595cam a2200181 4500
008 - FIXED-LENGTH DATA ELEMENTS--GENERAL INFORMATION
fixed length control field 100318n 000 0 eng u
020 ## - INTERNATIONAL STANDARD BOOK NUMBER
International Standard Book Number 9781578811991
035 ## - SYSTEM CONTROL NUMBER
System control number (Sirsi) a168641
050 ## - LIBRARY OF CONGRESS CALL NUMBER
Classification number QP 141 PRE 2006
245 ## - TITLE STATEMENT
Title Present knowledge in nutrition/
Statement of responsibility, etc. edited by Barbara A. Bowman and Robert M. Russell
250 ## - EDITION STATEMENT
Edition statement 9th ed.
260 ## - PUBLICATION, DISTRIBUTION, ETC.
Place of publication, distribution, etc. Washington D.C:
Name of publisher, distributor, etc. International Life Sciences Institute,
Date of publication, distribution, etc. 2006
300 ## - PHYSICAL DESCRIPTION
Extent xvi, 527-967p. (Volume II)
504 ## - BIBLIOGRAPHY, ETC. NOTE
Bibliography, etc. note Includes bibliographical references.
650 ## - SUBJECT ADDED ENTRY--TOPICAL TERM
Topical term or geographic name entry element Nutrition
700 ## - ADDED ENTRY--PERSONAL NAME
Personal name Bowman, Barbara A.
700 ## - ADDED ENTRY--PERSONAL NAME
Personal name Russell, Robert M.
Holdings
Withdrawn status Lost status Source of classification or shelving scheme Damaged status Not for loan Home library Current library Shelving location Cost, normal purchase price Total Checkouts Full call number Barcode Date last seen Copy number Price effective from Koha item type
    Library of Congress Classification     Medical Library Medical Library On Shelf 0.00   QP 141 PRE 2006 33729000847165 08/13/2019 1 08/13/2019 Book
© 2026 - The University of Zambia Library - Koha v25.11